00599nam a2200169Ia 4500001001000000003000500010008004100015010001100056040000900067100002600076245010600102260003400208300001000242502010200252650002600354710004900380Para_5684CHAP220125s1979 xx 000 0 und d a204114 cCHAP aBáez Landa, Antonio aIdentificación y biología del ácaro del maíz en Chapingo, Méx. /c por Antonio Báez Landa aChapingo, Méx. :b el autor a34 p. aTesis (Ing. Agr. Esp. en Parasitología Agrícola) ENA. Departamento Parasitología Agrícola aOligonychus mexicanus aENA. Departamento Parasitología Agrícola